Chargement en cours...

Quarterly Journal of the Royal Meterological Society

Détails bibliographiques
Collectivité auteur: Royal Meterological Society
Langue:English
Publié: Berkshire Royal Meterological Society
LEADER 00351nam a22001097a 4500
005 20151028162602.0
008 101130t xxu||||| |||| 00| 0 eng d
110 |a Royal Meterological Society  |9 29392 
245 |a Quarterly Journal of the Royal Meterological Society  |c (Bound Volumes) 
942 |c BV  |6 _ 
260 |a Berkshire  |b Royal Meterological Society 
999 |c 82393  |d 82393